000 00281nam a2200109 4500
999 _c10029
_d10029
008 180726b ||||| |||| 00| 0 eng d
245 _aVaccines for adults.
260 _aPhilippines
_bManila Bulletin
_cc2016
300 _apage C-2.
650 0 _929631
_aVaccines.
942 _2ddc
_cPER